| 000 | 00000nam##2200000za#4500 |
| 001 | 9.641063 |
| 003 | CaOODSP |
| 005 | 20250506145323 |
| 007 | cr ||||||||||| |
| 008 | 150407|1993||||xxc|||||o f|0| 0 fre|d |
| 040 | |aCaOODSP|bfre |
| 043 | |an-cn--- |
| 086 | 1 |aA63-1900/1993F-PDF |
| 110 | 1 |aCanada.|bAgriculture Canada. |
| 245 | 10|aMode d'action du cuivre d'origine alimentaire sur les ruminants / |h[ressource électronique]|c[par] M. Ivan. |
| 260 | |aOttawa - Ontario : |bAgriculture Canada |cc1993. |
| 300 | |a20p.|bphotographies |
| 500 | |aPublication 1900 F. Le n° de catalogue (A63-1900/1993F) et l'ISBN (0-662-98540-0) de l'édition imprimée ont été incorrectement copiés dans l'édition électronique. |
| 590 | |a12-43-Supp|b2012-12-07 |
| 691 | 07|aAlimentation animale|2gcpds |
| 691 | 07|aMinerai|2gcpds |
| 775 | 08|tHow dietary copper affects ruminants |w(CaOODSP)9.696989 |
| 776 | 0#|tMode d'action du cuivre d'origine alimentaire sur les ruminants / |w(CaOODSP)9.678977 |
| 856 | 40|ahttp://publications.gc.ca|qPDF|s1.14 Mo|uhttps://publications.gc.ca/collections/collection_2012/agr/A63-1900-1993-fra.pdf |